01343nam a2200229 a 450000100030000000300090000300800410001202000150005304000280006808200180009610000270011424501060014125000060024726000320025330000100028550505870029565000200088265000290090294200120093199900170094395201530096040CO-ViMGA141112s2004 ck r 000 u spa d a8489209254 aCO-ViMGAbspacCO-ViMGA04a338.117 P151c1 aPalacios, Marco94774810aEl cafe en Colombia, 1850 - 1970 : buna historia económica, social y política / cMarco Palacios a2 aBogotá : bAncora, c1983 a556 p aEstado - Nación 23 - - La formación de la oligarquía 75 - - Tierra y sociedad en Colombia Central durante la segunda mitad del siglo XIX 123 - - Haciendas : El ascenso 187 - - La regeneración de los opositores 235 - - La paz : del pesimismo a la euforia 263 - - Ganadores y perdedores en la colonización del occidente 317 - - Descenso y colapso de las haciendas cafeteras en Colombia central 341 - - Tendencias de la estructura productiva : Algunas consideraciones preliminares en base a los censos cafeteros de 1932 y 1970 431 - - Un modelo liberal para el príncipe 47914aCAFE - COLOMBIA14aCAFE - Economía947750 2ddccBK c12293d12293 00102ddc40708002aMEVIECARbMEVIECARd2015-12-04hVolumen. 1 | 11/jun/2009l0o338.117 P151c p04259r2015-12-04 00:00:00tEj. 1w2015-12-04yBK